Statistics for Top 10 Countries By Category

Click here to take the quiz!

General Stats

  • This quiz has been taken 124 times
  • The average score is 72 of 90

Answer Stats

RankArea% Correct
1Canada
100%
5Canada
100%
2Canada
100%
1Canada
100%
1China
100%
3China
100%
10China
100%
3China
100%
9Russia
100%
2Russia
100%
1Russia
100%
4Russia
100%
1Russia
100%
7Brazil
99%
1Brazil
99%
6Brazil
99%
5Brazil
99%
8United States
99%
4United States
99%
1United States
99%
8United States
99%
3United States
99%
4United States
99%
6Australia
97%
7Australia
97%
4Australia
97%
8Australia
97%
7Australia
97%
2India
97%
7India
97%
9India
97%
7Chile
92%
1Chile
92%
2Argentina
91%
8Argentina
91%
3Indonesia
91%
4Indonesia
91%
4Indonesia
91%
5Mexico
91%
10Mexico
91%
6Mexico
91%
2Norway
91%
1Norway
91%
3Norway
91%
2New Zealand
88%
3New Zealand
88%
9New Zealand
88%
6Sweden
88%
6Sweden
88%
9United Kingdom
88%
10Finland
86%
5Finland
86%
6Japan
86%
5South Africa
83%
6South Africa
83%
9Denmark
81%
7Iceland
79%
4Iceland
79%
10Algeria
71%
7Nigeria
71%
8Bangladesh
70%
5Pakistan
70%
5Germany
69%
2Colombia
68%
5philippines
68%
3Fiji
65%
2Kiribati
59%
5Marshall Islands
59%
8Netherlands
59%
9Ecuador
58%
10Ecuador
58%
4Samoa
58%
7Solomon Islands
57%
3Tonga
57%
3Switzerland
55%
2Ireland
54%
9Kazakhstan
54%
4Tuvalu
54%
10Micronesia
52%
9Nauru
50%
6Uruguay
50%
6Vanuatu
48%
10Paraguay
47%
7Venezuela
46%
8Estonia
44%
10Latvia
42%
8Lesotho
39%
8Guatemala
34%
10El Salvador
32%
9Namibia
24%

Score Distribution

Percentile by Number Answered

Percent of People with Each Score

Your Score History

You have not taken this quiz